Statystyki dla Medaliści SJH

Kliknij tutaj aby rozwiązać quiz!

Ogólne statystyki

  • Ten quiz został rozwiązany 14 razy
  • Średni wynik to 123 z 156

Statystyki odpowiedzi

Puchar ŚwiataZawodnik% Poprawnych
1. miejsce 2022 | 2. miejsce 2023Adam Małysz
100%
1. miejsce 2019 | 1. miejsce 2021/22 | 1. miejsce 2022 | +8 othersDembele
100%
1. miejsce 2019/20 | 1. miejsce 2020/21 | 1. miejsce 2021 | +8 othersFabregas
100%
1. miejsce 2022 | 1. miejsce 2022/23 | 1. miejsce 2023 | +2 othersKlimas
100%
1. miejsce 2019 | 1. miejsce 2020/21 | 1. miejsce 2021/22 | +5 otherskoT
100%
1. miejsce 2019 | 1. miejsce 2019 (Normalna) | 1. miejsce 2023/24 | +6 othersmati
100%
1. miejsce 2022/23 | 1. miejsce 2023 | 1. miejsce 2023 (Duża) | 2. miejsce 2023 (Normalna)dttq
92%
3. miejsce 2022/23 | 3. miejsce 2023Justyna
92%
1. miejsce 2019 | 3. miejsce 2019/20KraK
92%
1. miejsce 2019/20 | 1. miejsce 2020 | 1. miejsce 2021 (Duża) | +2 othersŁadowarka
92%
1. miejsce 2019 (Duża) | 2. miejsce 2019 | 3. miejsce 2019lotocki
92%
2. miejsce 2022 | 3. miejsce 2023 (Duża)skijumphaxball
92%
2. miejsce 2021/22Kaza
85%
2. miejsce 2019/20 | 3. miejsce 2019 | 3. miejsce 2019/20mister
85%
2. miejsce 2023 (Duża)nightmaregamer
85%
1. miejsce 2020 | 1. miejsce 2020/21 | 2. miejsce 2022 (Duża) | +2 othersSeplox
85%
1. miejsce 2022/23 | 2. miejsce 2020/21 | 3. miejsce 2022 | 3. miejsce 2022 (Duża)Żelson
85%
3. miejsce 2020/21dawidox
77%
1. miejsce 2021 (Normalna) | 2. miejsce 2020 | 2. miejsce 2021/22Handballijczyk
77%
1. miejsce 2023 (Normalna)Król
77%
3. miejsce 2021SwordskiPL
77%
1. miejsce 2020 | 3. miejsce 2020/21griez
69%
1. miejsce 2022 (Normalna)Kocham Lecha
69%
2. miejsce 2019 | 3. miejsce 2021/22Luki
69%
1. miejsce 2019/20Lukseh
69%
2. miejsce 2022/23Adrian
62%
3. miejsce 2021Chunky
62%
2. miejsce 2022Cotty
62%
2. miejsce 2019dinospeed
62%
1. miejsce 2019 (Drużynowe) | 1. miejsce 2022 (Drużynowe, Normalna) | 3. miejsce 2021 (Drużynowe, Duża) | 3. miejsce 2023 (Drużynowe, Duża)Finlandia
62%
2. miejsce 2022friwerowsky
62%
2. miejsce 2023 | 3. miejsce 2023 (Normalna)jarek21cr
62%
3. miejsce 2019Katty
62%
2. miejsce 2021 (Drużynowe, Normalna) | 3. miejsce 2022 (Drużynowe)Norwegia
62%
1. miejsce 2023 (Drużynowe, Duża) | 2. miejsce 2022 (Drużynowe)Polska
62%
3. miejsce 2023/24QSM
62%
2. miejsce 2019 (Drużynowe)Rosja
62%
1. miejsce 2021Thomas Morgenstern
62%
1. miejsce 2020 (Drużynowe) | 1. miejsce 2023 (Drużynowe, Normalna) | 2. miejsce 2023 (Drużynowe, Duża)Francja
54%
3. miejsce 2022hezan
54%
3. miejsce 2021 (Drużynowe, Normalna)Japonia
54%
3. miejsce 2021 (Duża) | 3. miejsce 2021 (Normalna)Kris
54%
2. miejsce 2021 (Duża)Mateusz
54%
1. miejsce 2022 (Drużynowe, Duża)Stany Zjednoczone
54%
2. miejsce 2020 | 3. miejsce 20206seebus
46%
1. miejsce 2021 (Drużynowe, Normalna)Chiny
46%
2. miejsce 2022 (Drużynowe, Normalna) | 3. miejsce 2020 (Drużynowe)Estonia
46%
3. miejsce 2020Fabregas
46%
3. miejsce 2019Kintyne
46%
2. miejsce 2019 (Normalna)no name
46%
2. miejsce 2021 (Drużynowe, Duża) | 3. miejsce 2022 (Drużynowe, Duża)Szwajcaria
46%
3. miejsce 2019 (Duża)TMAX
46%
3. miejsce 2023Aure
38%
1. miejsce 2021 (Drużynowe, Duża) | 1. miejsce 2022 (Drużynowe) | 2. miejsce 2020 (Drużynowe)Czechy
38%
2. miejsce 2022 (Drużynowe, Duża) | 2. miejsce 2023 (Drużynowe, Normalna)Kazachstan
38%
3. miejsce 2019lopek5
38%
2. miejsce 2021Rayan Cherki
38%
2. miejsce 2019/20Shoxyy
38%
3. miejsce 2022 (Drużynowe, Normalna) | 3. miejsce 2023 (Drużynowe, Normalna)Słowenia
38%
3. miejsce 2019 (Normalna)Zerdion
38%
3. miejsce 2019 (Drużynowe)Bułgaria
31%

Rozkład punktacji

Percentyl według liczby udzielonych odpowiedzi

Procent ludzi z każdym wynikiem

Twoja historia wyników

Nie rozwiązałeś tego quizu